000 00551nam a2200181Ia 4500
005 20250423094335.0
008 250422s9999 xx 000 0 und d
020 _a9781032114002
050 _aQC 665 .T7 .G66/
100 _aGonzalez, Guillermo
245 0 _aAdvanced electromagnetic wave propagation methods
260 _aBoca Raton
260 _bCRC Press
260 _c2022
300 _a702 p
650 _aElectromagnetic waves--Transmission--Mathematical models. Electromagnetic theory Mathematics. Radio wave propagation.
942 _cBK
999 _c26958
_d26958